Places To Study

There are group study rooms, individual study carrels, computer labs, and other spaces to study in the Libraries.

Reserve A Group Room

Online Resources

Access thousands of eBooks, audiobooks, and online journals from the comfort of your home.

Explore Resources

Events and Workshops

Join our upcoming events and workshops to enhance your skills and knowledge.

View Events

The Buddhist Path to Awakening / (Record no. 1598)

MARC details
000 -LEADER
fixed length control field 00738nam a22002297a 4500
003 - CONTROL NUMBER IDENTIFIER
control field OSt
005 - DATE AND TIME OF LATEST TRANSACTION
control field 20250717162336.0
008 - FIXED-LENGTH DATA ELEMENTS--GENERAL INFORMATION
fixed length control field 250717b |||||||| |||| 00| 0 eng d
020 ## - INTERNATIONAL STANDARD BOOK NUMBER
International Standard Book Number 1851682856
040 ## - CATALOGING SOURCE
Transcribing agency DCL
041 ## - LANGUAGE CODE
Language code of text/sound track or separate title English
100 1# - MAIN ENTRY--PERSONAL NAME
Personal name Gethin, R. M. L
245 14 - TITLE STATEMENT
Title The Buddhist Path to Awakening /
Statement of responsibility, etc. R.M.L. Gethin.
260 ## - PUBLICATION, DISTRIBUTION, ETC.
Place of publication, distribution, etc. Oxford :
Name of publisher, distributor, etc. Oneworld Publications ,
Date of publication, distribution, etc. 2001.
300 ## - PHYSICAL DESCRIPTION
Extent Xv, 401 pages :
504 ## - BIBLIOGRAPHY, ETC. NOTE
Bibliography, etc. note Includes bibliographical references and index.
650 ## - SUBJECT ADDED ENTRY--TOPICAL TERM
Topical term or geographic name entry element Enlightenment (Buddhism)
General subdivision Requisites
650 ## - SUBJECT ADDED ENTRY--TOPICAL TERM
Topical term or geographic name entry element Noble Eightfold Path
856 ## - ELECTRONIC LOCATION AND ACCESS
Uniform Resource Identifier <a href="https://library.dhammadhara.com/cgi-bin/koha/opac-retrieve-file.pl?id=bbf725d8e8ce9cf213d7e6d9fd9fa785">https://library.dhammadhara.com/cgi-bin/koha/opac-retrieve-file.pl?id=bbf725d8e8ce9cf213d7e6d9fd9fa785</a>
Link text E Book
942 ## - ADDED ENTRY ELEMENTS (KOHA)
Source of classification or shelving scheme Dewey Decimal Classification
Koha item type E-Book (Full Access)
Suppress in OPAC No

No items available.